000 00448nam a2200181Ia 4500
008 100917s9999 xx 000 0 und d
082 _b6909
100 _aकानिटकर माधव
245 _aदीपकळी
260 _b---
_c1964
300 _a112
365 _b3
520 _aकादंबरी
630 _aदीपकळी
650 _aकादंबरी
730 _aदीपकळी
942 _cBOOK
999 _c612303
_d612300